Online Catalogue and eLibrary

Sita's daughters : (Record no. 114)

MARC details
000 -LEADER
fixed length control field 01036cam a2200301 a 4500
001 - CONTROL NUMBER
control field 2977515
005 - DATE AND TIME OF LATEST TRANSACTION
control field 20231201045726.0
008 - FIXED-LENGTH DATA ELEMENTS--GENERAL INFORMATION
fixed length control field 920608s1993 nyuab b 001 0 eng
020 ## - INTERNATIONAL STANDARD BOOK NUMBER
ISBN 0195078233 (acidfree paper)
020 ## - INTERNATIONAL STANDARD BOOK NUMBER
ISBN 0195080351 (pbk. : acidfree paper)
040 ## - CATALOGING SOURCE (பட்டியலாக்க மூலம்)
Original cataloging agency DLC
Transcribing agency DLC
Modifying agency DLC
082 00 - DDC Classification
Class No. 305.42/697054
DDC Edition Number 20
100 1# - MAIN ENTRY--PERSONAL NAME
Personal name Minturn, Leigh.
245 10 - TITLE STATEMENT
Title Sita's daughters :
Remainder of title coming out of Purdah : the Rajput women of Khalapur revisited /
Statement of responsibility, etc. Leigh Minturn ; with the assistance of Swaran Kapoor.
260 ## - PUBLICATION, DISTRIBUTION, ETC.
Place of publication, distribution, etc. New York :
Name of publisher, distributor, etc. Oxford University Press,
Date of publication, distribution, etc. 1993.
300 ## - PHYSICAL DESCRIPTION
Extent (e.g. Volumes, Pages etc.) xiii, 371 p. :
650 #0 - SUBJECT ADDED ENTRY--TOPICAL TERM
Topical term or geographic name entry element Women, Rajput
650 #0 - SUBJECT ADDED ENTRY--TOPICAL TERM
Topical term or geographic name entry element Women, Rajput
650 #0 - SUBJECT ADDED ENTRY--TOPICAL TERM
Topical term or geographic name entry element Women, Rajput
650 #0 - SUBJECT ADDED ENTRY--TOPICAL TERM
Topical term or geographic name entry element Purdah
650 #0 - SUBJECT ADDED ENTRY--TOPICAL TERM
Topical term or geographic name entry element Caste
650 #0 - SUBJECT ADDED ENTRY--TOPICAL TERM
Topical term or geographic name entry element Dowry
700 1# - ADDED ENTRY--PERSONAL NAME
Personal name Kapoor, Swaran.
Relator term (Role) Editor
856 42 - ELECTRONIC LOCATION AND ACCESS
Uniform Resource Identifier <a href="http://www.loc.gov/catdir/enhancements/fy0602/92022147-d.html">http://www.loc.gov/catdir/enhancements/fy0602/92022147-d.html</a>
856 41 - ELECTRONIC LOCATION AND ACCESS
Uniform Resource Identifier <a href="http://www.loc.gov/catdir/enhancements/fy0602/92022147-t.html">http://www.loc.gov/catdir/enhancements/fy0602/92022147-t.html</a>
856 42 - ELECTRONIC LOCATION AND ACCESS
Uniform Resource Identifier <a href="http://www.loc.gov/catdir/enhancements/fy0726/92022147-b.html">http://www.loc.gov/catdir/enhancements/fy0726/92022147-b.html</a>
942 ## - Koha item type (Biblio)
Koha item type Books in Stacks (Lending)
Holdings
Lost status Damaged status Collection code Home library Current library Date acquired Full call number Accession Number Item type
    Lending WERC Library WERC Library 12/01/2023 305.42/697054 6002 Books in Stacks (Lending)

© WERC Library